| 000 | 00454nam a2200169Ia 4500 | ||
|---|---|---|---|
| 999 |
_c26847 _d26847 |
||
| 003 | OSt | ||
| 005 | 20211117101627.0 | ||
| 008 | 190216s9999||||xx |||||||||||||| ||und|| | ||
| 040 | _coclc | ||
| 082 |
_a894.8123 _bMRB/K |
||
| 100 |
_aM R B _98909 |
||
| 245 | 0 |
_aKavi Saparya / _cM R B |
|
| 260 |
_bPoorna Publication, _aKozhikode: |
||
| 300 | _a132p | ||
| 650 | _aLekhanam | ||
| 942 |
_cBK _2ddc _h894.8123 _iMRB/K _k894.8123 _mMRB/K |
||